000 00414nam a2200181Ia 4500
001 10475
005 20260306161835.0
008 260306t1994||||xx |||||||||||||| ||spa||
041 _aESP
082 _a930.10285
_bCH51
100 _aChamberlain, Andrew
_eAUT
245 0 _aHuman remains
260 _c1994
300 _a64 páginas :
_c24 cm.
650 _aGEN
654 _aCHU
942 _cLIB
_dJUS
_fJUS
_2ddc
_n
999 _c10475
_d10475